The anointing : (Record no. 10683)

MARC details
000 -LEADER
fixed length control field 01462cam a22003134a 4500
001 - CONTROL NUMBER
control field 13242776
003 - CONTROL NUMBER IDENTIFIER
control field OSt
005 - DATE AND TIME OF LATEST TRANSACTION
control field 20210302115807.0
008 - FIXED-LENGTH DATA ELEMENTS--GENERAL INFORMATION
fixed length control field 030618s2003 flu b 001 0 eng
010 ## - LIBRARY OF CONGRESS CONTROL NUMBER
LC control number 2003014061
020 ## - INTERNATIONAL STANDARD BOOK NUMBER
International Standard Book Number 1591851726 (trade paper)
020 ## - INTERNATIONAL STANDARD BOOK NUMBER
Canceled/invalid ISBN 9781418514457 (ebook)
040 ## - CATALOGING SOURCE
Original cataloging agency DLC
Transcribing agency DLC
Modifying agency DLC
042 ## - AUTHENTICATION CODE
Authentication code pcc
050 00 - LIBRARY OF CONGRESS CALL NUMBER
Classification number BT123
Item number K33A
082 00 - DEWEY DECIMAL CLASSIFICATION NUMBER
Classification number 234/.13
Edition number 22
Item number K33A
100 1# - MAIN ENTRY--PERSONAL NAME
Personal name Kendall, R. T.,
Dates associated with a name 1935-
245 14 - TITLE STATEMENT
Title The anointing :
Remainder of title yesterday, today, tomorrow /
Statement of responsibility, etc. R.T. Kendall.
250 ## - EDITION STATEMENT
Edition statement [New ed.].
260 ## - PUBLICATION, DISTRIBUTION, ETC.
Place of publication, distribution, etc. Lake Mary, Fla. :
Name of publisher, distributor, etc. Charisma House,
Date of publication, distribution, etc. c2003.
300 ## - PHYSICAL DESCRIPTION
Extent xxi, 199 p. ;
Dimensions 23 cm.
504 ## - BIBLIOGRAPHY, ETC. NOTE
Bibliography, etc. note Includes bibliographical references (p. 193-194) and index.
505 0# - FORMATTED CONTENTS NOTE
Formatted contents note The anointing -- Accepting our anointing -- The limits of our anointing -- Yesterday's anointing -- Yesterday's man or woman -- When success comes too soon -- The stigma of the anointing -- Moving outside our comfort zone -- Today's man or woman -- The loneliness of anointing -- The secret anointing -- Tomorrow's man or woman -- Openness to God's Word -- Openness to the Holy Spirit -- Tomorrow's anointing.
650 #0 - SUBJECT ADDED ENTRY--TOPICAL TERM
Topical term or geographic name entry element Anointing of the Holy Spirit.
856 41 - ELECTRONIC LOCATION AND ACCESS
Materials specified Table of contents
Uniform Resource Identifier <a href="http://www.loc.gov/catdir/toc/ecip045/2003014061.html">http://www.loc.gov/catdir/toc/ecip045/2003014061.html</a>
906 ## - LOCAL DATA ELEMENT F, LDF (RLIN)
a 7
b cbc
c orignew
d 1
e ecip
f 20
g y-gencatlg
942 ## - ADDED ENTRY ELEMENTS (KOHA)
Source of classification or shelving scheme Dewey Decimal Classification
Koha item type Books

No items available.


OPAC Designed and Maintained by HMC Library Team.
Copyright © HMC Library,Greater Noida, UP.
For any Suggestions/Query Contact library via Email:libhmc@gmail.com